| 000 | 00449nam a2200145 i 4500 | ||
|---|---|---|---|
| 001 | 38345 | ||
| 003 | ES-MaACL | ||
| 007 | t| | ||
| 008 | 030225s1839 sp ||||1| spa d | ||
| 100 | 1 |
_aCabet, Etienne. _933190 |
|
| 245 | 1 | 0 |
_aRevolución francesa de 1830 y situación presente... / _cpor Etienne Cabet ; última edición traducida por D. Y J. |
| 260 |
_aBarcelona : _bF. Taubé, _c1839. |
||
| 300 |
_a1 v. ; _c18 cm. |
||
| 852 |
_aES-MaACL _jG-10062 |
||
| 999 |
_c38345 _d38345 |
||